Sports Quiz

Random Sports or MLB Quiz
Score 0/34 Timer 10:00
0 Plays Today
Career Wins Pitcher % Correct
137-*Justin Verlander
98.1%
139-*Johan Santana
96.9%
144Chris Carpenter
95.4%
110-*Felix Hernandez
95.4%
70-cWillie Hernandez
95.3%
77-*Clayton Kershaw
94.5%
89-*Tim Lincecum
93.7%
132-*Jake Peavy
92.2%
139-*Cliff Lee
89.7%
71-*David Price
89.7%
106-*Zack Greinke
88.4%
33-cEric Gagne
88.1%
75-*R.A. Dickey
87.4%
114-cRollie Fingers
85.2%
87Brandon Webb
84.9%
73-*Max Scherzer
84.3%
131Denny McLain
82.1%
Career Wins Pitcher % Correct
124Mike Scott
79.2%
127Jack McDowell
76.2%
149Don Newcombe
73.1%
131Pat Hentgen
70.6%
68-cBruce Sutter
66.5%
107Steve Stone
64.2%
99-cSparky Lyle
64.1%
97-cMike Marshall
61.5%
100Randy Jones
59.9%
93Pete Vuckovich
58%
76-cSteve Bedrosian
56.7%
98LaMarr Hoyt
56.1%
51-cMark Davis
55.9%
123John Denny
44.4%
128Dean Chance
39.9%
101Bob Turley
34.8%
134Mike McCormick
31.3%
Remove Ads.
Support Sporcle.
Get the best of Sporcle when you Go Orange. This ad-free experience offers more features, more stats, and more fun while also helping to support Sporcle. Thank you for becoming a member.

You're not logged in!

Compare scores with friends on all Sporcle quizzes.
OR
Log In

Show Comments

Extras

Top Quizzes Today


Score Distribution

Your Account Isn't Verified!

In order to create a playlist on Sporcle, you need to verify the email address you used during registration. Go to your Sporcle Settings to finish the process.

Report this User

Report this user for behavior that violates our Community Guidelines.

Details: